Primer año de la revista Reflexiones /

Sin resumen

محفوظ في:
التفاصيل البيبلوغرافية
المؤلف الرئيسي: Giralt Bermúdez, María de los Angeles
التنسيق: نص
الموضوعات:
الوسوم: إضافة وسم
لا توجد وسوم, كن أول من يضع وسما على هذه التسجيلة!

MARC

LEADER 00000 a a2200000 04500
001 13326
003
040
100 |a Giralt Bermúdez, María de los Angeles  
245 |a Primer año de la revista Reflexiones /  |c María de los Angeles Giralt Bermúdez 
520 |a Sin resumen  
650 |a CIENCIAS SOCIALES  
650 |a INVESTIGACION  
650 |a ASPECTOS SOCIALES  
773 |g número 13; páginas 3-4  
999 |c 37986  |d 37986